01398nam a2200289 a 4500001001000000003000900010005001700019007000300036008004100039040002500080049000900105082002200114111017700136245016500313260006200478300002100540590002700561650007300588700003700661700005300698700004100751910003700792942001400829952012500843952012300968999001701091000011354DO-SdBNP20230228125007.0ta091016s1993 dr a 001 0 spa d aDO-SdBNPbspacBNPHU aBNPD 4a610.98bM489t2222 aSeminario Latinoamericano sobre la Teoría y la Práctica en la Aplicación de la Medicina Tradicional en Sistemas Formales de Saludn(2: d1992 :cSanto Domingo)98297910aMedicina tradicional 500 años después :bhistoria y consecuencias actuales.ceditores Carles Roersch, José María Tavares de Andrade y Eduardo Menéndez aSanto Domingo :bInstituto de Medicina Dominicana,c1993. a164 p. ;c21 cm. aInventariado, 2022/MFF 4aMedicina tradicionalxHistoria926960vCongresos, conferencias, etc.1 aRoersch, Carles, eeditor9308221 aTavares Andrade, José Maria de,eeditor9829801 aMenéndez, Eduardo, eeditor982981 aValidado. Control de calidad MFF 2ddccLBS1 00102ddc51708PDaBNPHUbBNPHUcHDd2009-10-16oBNPHU PD 615.882 S471m, 1992 p11354-10r2020-06-25w2020-06-25yLBS1 00102ddc51708PDaBNPHUbBNPHUcHDd2009-10-16oBNPHU PD 610.98 M489tp11354-20r2020-06-25te. 2w2020-06-25yLBS1 c11061d11061